00848nam a2200217 4500001000700000003000900007005001700016007000300033008004100036100004100077245015200118260003300270300003900303650002300342700003700365700003900402852002700441942002300468999001900491952012000510127578ES-MaACL20250902222335.0t|070214e1935 sp r ||||1| spa d1 aRittershausen, Heinrich9241158eaut10aParo forzoso y capital / cHeinrich Rittershausen ; traducción directa del alemán y revisión por Rafael Luengo Tapia y Nicolás Floristán. aBarcelona : bLabor, c1935. aXIX, 291 páginas ; c23 x 15 cm. 7aParo2embne9158441 aLuengo Tapia, Rafael974639etrl1 aFloristán, Nicolás951341etrl aES-MaACLcSPP1jA-3304 2udccMONOGRAFIAn0 c127578d127578 00104070aATENEOMbATENEOMcSPP1d2008-01-17eSCl0oA-3304p1132877r2023-02-23 00:00:00w2023-02-23yMONOGRAFIA